Statistics for British Food Words

Click here to take the quiz!

General Stats

  • This quiz has been taken 40,639 times
  • The average score is 9 of 19

Answer Stats

British American % Correct
ChipsFries
97%
Fizzy DrinkSoda / Pop
95%
CrispsChips
94%
BiscuitCookie
86%
MaizeCorn
70%
AubergineEggplant
58%
FairycakeCup Cake
55%
Ice LollyPopsicle
54%
Toffee AppleCandy Apple
52%
CandyflossCotton Candy
51%
Jacket PotatoBaked Potato
44%
CourgetteZucchini
38%
BeetrootBeet
35%
Coriander LeafCilantro
23%
Rapeseed OilCanola Oil
18%
Back BaconCanadian Bacon
15%
PawpawPapaya
14%
MuffinEnglish Muffin
10%
Broad BeanFava Bean
7%

Score Distribution

Percentile by Number Answered

Percent of People with Each Score

Your Score History

You have not taken this quiz